Migliori marcatori di ogni nazionale dell'Europa - Statistics

Statistiche generali
  • Questo quiz è stato fatto 154 volte
  • Il punteggio medio è 15 su 52
Statistiche sulle risposte
Nazione Reti Calciatore % Corretto
Belgio 68 Romelu Lukaku
92%
Portogallo 118 Cristiano Ronaldo
86%
Bosnia ed Erzegovina 61 Edin Dzeko
86%
Svezia 62 Zlatan Ibrahimovic
82%
Francia 51 Thierry Henry
77%
Polonia 76 Robert Lewandowski
75%
Galles 38 Gareth Bale
73%
Ucraina 48 Andriy Shevchenko
69%
Germania 71 Miroslav Klose
68%
Macedonia del Nord 38 Goran Pandev
67%
Ungheria 84 Ferenc Puskas
64%
Italia 35 Luigi Riva
60%
Inghilterra 53 Wayne Rooney
59%
Spagna 61 David Villa
58%
Irlanda 68 Robbie Keane
48%
Paesi Bassi 50 Robin van Persie
48%
Slovacchia 26 Marek Hamsik
46%
Romania 35 Gheorghe Hagi
41%
Finlandia 35 Teemu Pukki
40%
Montenegro 31 Stevan Jovetic
34%
Croazia 45 Davor Suker
33%
Armenia 32 Henrikh Mkhitaryan
32%
Serbia 45 Aleksandar Mitrovic
30%
Bulgaria 48 Dimitar Berbatov
26%
Turchia 51 Hakan Sukur
24%
Scozia 30 Kenny Dalglish
13%
Kosovo 20 Vedat Muriqi
13%
Liechtenstein 16 Mario Frick
9%
Svizzera 42 Alexander Frei
8%
Repubblica Ceca 55 Jan Koller
8%
San Marino 8 Andy selva
6%
Albania 18 Erjon Bogdani
6%
Georgia 26 Shota Arveladze
6%
Andorra 11 Ildefons Lima
3%
Lituania 19 Tomas Danilevicius
3%
Russia 31 Aleksandr Kerzakov
2%
Norvegia 33 Jorgen Juve
2%
Malta 42 Michael Mifsud
2%
Slovenia 36 Zlatko Zahovic
2%
Lussemburgo 16 Leon Mart
1%
Danimarca 52 Poul Nielsen
1%
Austria 46 Toni Polster
1%
Estonia 38 Andres Oper
0%
Irlanda del Nord 36 David Healy
0%
Azerbaijan 14 Gurban Gurbanov
0%
Islanda 26 Kolbeinn Sigborsson
0%
Bielorussia 20 Maksim Romaschenko
0%
Lettonia 29 Maris Verpakovskis
0%
Cipro 32 Michalis Konstantinou
0%
Grecia 29 Nikos Anastopoulos
0%
Kazakistan 13 Ruslan Baltiev
0%
Moldavia 11 Serghei Clescenco
0%
Nessun quiz corrispondente trovato
Distribuzione punteggi
Percentuale di utenti per punteggio
Percentile per numero di risposta
I tuoi punteggi nel tempo
Non hai fatto questo quiz